|
|
|
|
| LEADER |
00000cam a2200000 7i4500 |
| 001 |
0000006542 |
| 005 |
20170418093000.0 |
| 020 |
|
|
|a 0136893732
|
| 090 |
0 |
0 |
|a HG4026
|b .K697 1988
|
| 100 |
0 |
|
|a Krackov, Lawrence M. ,
|e author
|
| 245 |
1 |
4 |
|a The practical financial manager
|c Lawrence M. Krackov, Surendra K. Kaushik
|
| 260 |
2 |
|
|a New York :
|b New York Institute of Finance ,
|c c1988
|
| 300 |
|
|
|a xvii, 235 p. ;
|c 24 cm.
|
| 504 |
|
|
|a Includes bibliographical references (p. 215-226) and index
|
| 650 |
|
0 |
|a Capital market
|
| 650 |
|
0 |
|a Corporations
|x Finance
|
| 700 |
1 |
|
|a Kaushik, S. K. ,
|d 1944- ,
|e author
|
| 999 |
|
|
|a 1000018114
|b Book
|c OPEN SHELF (30 DAYS)
|e Gong Badak Campus
|